|
|
|
|
| LEADER |
00000nam0a2200000 4500 |
| 001 |
98889 |
| 005 |
20231101214220.0 |
| 010 |
|
|
|a 5980032207
|
| 035 |
|
|
|a (RuTPU)RU\TPU\book\106034
|
| 090 |
|
|
|a 98889
|
| 100 |
|
|
|a 20060623d2005 km y0rusy50 ca
|
| 101 |
0 |
|
|a rus
|
| 102 |
|
|
|a RU
|
| 105 |
|
|
|a a z 001zy
|
| 200 |
1 |
|
|a Электронные средства связи
|f В. П. Дьяконов, А. А. Образцов, В. Ю. Смердов
|
| 210 |
|
|
|a Москва
|c Солон - Пресс
|d 2005
|
| 215 |
|
|
|a 429 с.
|c ил.
|
| 225 |
1 |
|
|a Библиотека инженера
|
| 320 |
|
|
|a Библиогр.: с. 423-424.
|
| 330 |
|
|
|a Книга знакомит с новейшими отечественными и зарубежными средствами передачи информации. В ней последовательно рассмотрены все устройства связи, применяемые в повседневной деятельности современного человека: телефонные и факсимильные аппараты, автоответчики, модемы, мини-АТС, техника пейджинговой, транкинговой и сотовой связи, персональные спутниковые системы связи и навигации, Internet-телефония. Описаны физические основы и принципы действия этих устройств, а также приведены таблицы с их основными характеристиками. Описаны правила эксплуатации, стандарты и рекомендации по применению таких электронных устройств. Для всех пользователей средствами передачи информации, менеджеров и руководителей предприятий, студентов и преподавателей вузов.
|
| 606 |
1 |
|
|a Электрическая связь
|2 stltpush
|3 (RuTPU)RU\TPU\subj\26847
|9 50686
|
| 606 |
1 |
|
|a Телефонная электроника
|2 stltpush
|3 (RuTPU)RU\TPU\subj\69606
|9 84377
|
| 610 |
1 |
|
|a сигналы
|
| 610 |
1 |
|
|a сети
|
| 610 |
1 |
|
|a линии связи
|
| 610 |
1 |
|
|a системы передачи
|
| 610 |
1 |
|
|a телефонная связь
|
| 610 |
1 |
|
|a телефонные аппараты
|
| 610 |
1 |
|
|a электронные телефоны
|
| 610 |
1 |
|
|a автоответчики
|
| 610 |
1 |
|
|a факсимильные аппараты
|
| 610 |
1 |
|
|a факс-аппараты
|
| 610 |
1 |
|
|a модемы
|
| 610 |
1 |
|
|a офисные телефонные станции
|
| 610 |
1 |
|
|a подвижная радиотелефонная связь
|
| 610 |
1 |
|
|a бесшнуровая телефония
|
| 610 |
1 |
|
|a пейджинговая связь
|
| 610 |
1 |
|
|a сотовая связь
|
| 610 |
1 |
|
|a транкинговые системы
|
| 610 |
1 |
|
|a спутниковая связь
|
| 610 |
1 |
|
|a компьютерная телефония
|
| 610 |
1 |
|
|a специальные средства
|
| 610 |
1 |
|
|a SMS
|
| 610 |
1 |
|
|a короткие сообщения
|
| 610 |
1 |
|
|a кардиотелефония
|
| 610 |
1 |
|
|a лазерные атмосферные линии связи
|
| 610 |
1 |
|
|a оптические телефоны
|
| 610 |
1 |
|
|a электронная почта
|
| 610 |
1 |
|
|a безопасность
|
| 610 |
1 |
|
|a оборудование
|
| 675 |
|
|
|a 621.39
|v 3
|
| 675 |
|
|
|a 621.395
|v 3
|
| 700 |
|
1 |
|a Дьяконов
|b В. П.
|g Владимир Павлович
|
| 701 |
|
1 |
|a Образцов
|b А. А.
|g Андрей Александрович
|
| 701 |
|
1 |
|a Смердов
|b В. Ю.
|g Вячеслав Юрьевич
|
| 801 |
|
1 |
|a RU
|b 63413507
|c 20060623
|g PSBO
|
| 801 |
|
2 |
|a RU
|b 63413507
|c 20150619
|g PSBO
|
| 900 |
|
|
|a Системы связи и оповещения
|
| 900 |
|
|
|a Вычислительные сети, системы и средства связи
|
| 942 |
|
|
|c BK
|
| 959 |
|
|
|a 57/20060619
|d 2
|e 197,45
|f АНЛ:1
|f ЧЗТЛ:1
|